00520nam a2200193 a 4500001001300000003000900013005001700022008004100039020002300080082001600103100002100119245004200140260003900182300000900221500003500230505002400265650001600289700002100305nice12345678IN_TiNIC20260116014338.0100107s2007 jaia grp 000 0 eng  a9788131601129c79500a392.12bGOS aGoswami, Sambodh aFemale Infanticide and Child Marriage aJaipur bRawat Publications c2007 a408p aincludes index and biblioraphy2 abibliography, index aInfanticide1 aGoswami, Sambodh